Matemática : curso moderno para escuelas industriales /
Guardado en:
| Autor Principal: | |
|---|---|
| Formato: | Libro |
| Publicado: |
Buenos Aires :
Cesarini,
1973
|
| Edición: | 18a. ed. |
| Materias: | |
| Etiquetas: |
Agregar Etiqueta
Sin Etiquetas, Sea el primero en etiquetar este registro!
|
| LEADER | 00957nam a22002295a 4500 | ||
|---|---|---|---|
| 001 | CEM.cems006179 | ||
| 005 | 20060214000000.0 | ||
| 008 | 130507s1973##################000#0#####d | ||
| 003 | CEMS | ||
| 082 | 0 | 4 | |a 510 |
| 100 | 1 | |a Tajani, Miguel M | |
| 245 | 1 | 0 | |a Matemática : |b curso moderno para escuelas industriales / |
| 250 | |a 18a. ed. | ||
| 260 | |a Buenos Aires : |b Cesarini, |c 1973 | ||
| 300 | |a 389 p. | ||
| 505 | 0 | |a Conjuntos; Conjunto de puntos; Relaciónes; Numeros naturales; Igualdad y orden; Adición y sustracción; Relaciónes geometricas; Multiplicación y division; Potenciación y radicación; Triangulos; Divisibilidad; Desigualdades geometricas; Numeros enteros; Circunferencia; Numeros raciónales; Lugares geometricos; Relaciónes y estructuras | |
| 653 | |a Ecuaciones | ||
| 653 | |a Expresiones algebraicas | ||
| 653 | |a Factoreo | ||
| 653 | |a Funciones | ||
| 653 | |a Matematica | ||
| 859 | |a CEMS |b BIB. CEMS - 11 de abril |h 510 |i T139a18/II |p 5321.76 |t Ej.1 | ||
